00966nas a2200229Ia 4500001001100000003000900011008004100020040001300061040001300074041001300087100005200100210001200152222001200164245010800176250001100284260002200295501008600317300002000403362003600423500023400459650004300693R142/D6016IT-RoPAU151124c99999999xx |||||||||||| ||und|| aIT-RoPAU cIT-RoPAU aFRANCESE aDang-N'Guyen GeoffroygCodice Aut. SPICS: 46118 aRESEAUX aReseaux aRESEAUX, N.072/073 (LUGLIO/OTTOBRE 1995)bEvaluation D'Un Programme Public De Recherche: Le Cas De Race a1a ed. aPARISbCNETc1995 bPaulus - SPICS - Società San Paolo EM (non-commercial uses only)cCopyright2015 a17 p. [143-159] aN.072/073 (LUGLIO/OTTOBRE 1995) aValutazione di un Programma Pubblico di Ricerca: Programma della ComunitàEuropea Race (Research On Advanced Communications in Europe). Operatori Ditelecomunicazione Possono Cooperare tra Loro? Cooperazione e Deregolamentazione. aCOMUNICAZIONEvPUBBLICAZIONE PERIODICA